00760nam a2200169 a 450000100100000000500170001000800410002704000250006808200080009311001020010124000180020324501110022126001120033230000200044495201090046499900170057300002703320200930030547.0110329s1956 dr 000 0 spa d aDO-SdBNPbspacBNPHU axxx1 aRepública DominicanabSecretaría de Estado de FinanzasbDirección General de Aduanas93686710a[Leyes, etc.]10aLeyes y decretos que crean y regulan el funcionamientos de las Zonas Francas en la República Dominicana. aCiudad Trujillo, República Dominicana :bSecretaría de Estado de Finanzas :bEditora del Caribe,c1956. a38 p. ;c23 cm. 00107-18PDaPDbPDcOId2011-03-29iLF1l0oxxx p27033-10r2020-06-25w2020-06-25yLFPDZNo se presta c26525d26525